A carregar...

Saahithya gaveshanavum vimarsanavum

Detalhes bibliográficos
Main Authors: Benjamin, D, Sam, N
Formato: Printed Book
Publicado em: Kottayam, D C Books 1990
Assuntos:
LEADER 005480000a22001930004500
022 |a 22-07-2004 
041 |a Malayalam 
082 |a A4 SAA N0 
100 |a Benjamin, D  |f Comp 
100 |a Sam, N  |f Comp 
245 |a Saahithya gaveshanavum vimarsanavum 
260 |a Kottayam, D C Books 
260 |c 1990 
465 |a R 45 
650 |a Criticism 
650 |a Malayalam literature 
942 |c BK 
999 |c 144507  |d 144503 
952 |0 0  |1 0  |4 0  |6 A_4_000000000000000_SAA_N0  |7 0  |9 143284  |a SCC  |b SCC  |d 2017-10-11  |l 0  |o A4 SAA N0  |p SCC06263  |r 2017-10-11  |w 2017-10-11  |y BK